000 00942nam a22002417a 4500
999 _c19678
_d19678
003 AR-CdUCM
008 190520b ||||| |||| 00| 0 spa d
040 _aMUNICIPALIDAD PROVINCIAL DEL CUSCO
_cBIBLIOTECA MUNICIPAL DEL CUSCO
041 _heng
082 _a372.120 /
_bB258
100 _aBarlow, Melvin L.
_941161
245 _aEducación vocacional :
_banuario de la sociedad nacional para el estudio de la educación /
260 _aArgentina :
_bBibliográfica omega,
_c1968.
300 _a383 páginas ;
_c20 cm.
440 _aColección América en letras
_94724
505 _aContenido: El desafió a la educación vocacional -- Tendencias sociales y económicas -- El contexto tecnológico de la educación vocacional...
650 _aEducación
_9460
650 _aOrientación profesional
_97458
650 _aEstados Unidos
_91805
700 _aRichey, Herman G.
_941162
942 _2ddc
_cLIBROS
945 _adavv
_d2019-05-20